00310nam a2200121Ia 4500008004100000041000800041082001400049100001900063245002300082260004400105300003200149365000700181240624s9999 xx 000 0 und d aeng a519.8 SIN aSINGH Y KIRANI aMATLAB PROGRAMMING c2007aNew DelhibPrentice-Hall of India axvii, : 370 : p. : cm. ; 25 cRS